Detalles MARC
| 000 -CABECERA |
| Longitud fija campo de control |
01682nam a2200445 c 4500 |
| 001 - NÚMERO DE CONTROL |
| Número de control |
22188 |
| 003 - IDENTIFICADOR DE NÚMERO DE CONTROL |
| Identificador del número de control |
ES-MaCES |
| 005 - FECHA Y HORA DE LA ÚLTIMA TRANSACCIÓN |
| Fecha y hora de la última transacción |
20141221122754.0 |
| 008 - CAMPO FIJO DE DESCRIPCIÓN FIJA--INFORMACIÓN GENERAL |
| Códigos de información de longitud fija |
090701s2009 sp t o000 | spa d |
| 017 ## - NÚMERO DE REGISTRO DE DERECHOS DE AUTOR Y DEPÓSITO LEGAL |
| Número de copyright o de depósito legal |
M 20202-2009 |
| Agencia que asigna el número |
DL |
| 020 ## - ISBN (INTERNATIONAL STANDARD BOOK NUMBER) |
| Número Internacional Normalizado para Libros (ISBN) |
9788484173281 |
| 024 7# - OTROS IDENTIFICADORES |
| Número normalizado o código |
201-09-116-7 |
| Fuente del número o código |
nipo |
| 035 ## - NÚMERO DE CONTROL DEL SISTEMA |
| Número de control del sistema |
CES20090006141m |
| 040 ## - FUENTE DE CATALOGACIÓN |
| Centro catalogador de origen |
ES-MaCES |
| Lengua de catalogación |
spa |
| Centro transcriptor |
ES-MaCES |
| 100 1# - ENCABEZAMIENTO PRINCIPAL--NOMBRE PERSONAL |
| Nombre de persona |
Gala Vallejo, César |
| 9 (RLIN) |
12581 |
| 245 13 - MENCIÓN DE TÍTULO |
| Título |
La protección social del trabajador autónomo |
| Resto del título |
: mayo 2009 |
| Mención de responsabilidad, etc. |
César Gala Vallejo |
| 250 ## - MENCIÓN DE EDICIÓN |
| Mención de edición |
1ª ed |
| 260 ## - PUBLICACIÓN, DISTRIBUCIÓN, ETC (PIE DE IMPRENTA) |
| Lugar de publicación, distribución, etc. |
Madrid |
| Nombre del editor, distribuidor, etc. |
Ministerio de Trabajo e Inmigración, Subdirección General de Información Administrativa y Publicaciones |
| Fecha de publicación, distribución, etc. |
2009 |
| 300 ## - DESCRIPCIÓN FÍSICA |
| Extensión |
342 p. |
| Dimensiones |
18 cm |
| 490 1# - MENCIÓN DE SERIE |
| Mención de serie |
Colección Textos legales. Serie Seguridad Social |
| Designación de volumen o secuencia |
84 |
| 500 ## - NOTA GENERAL |
| Nota general |
Índices |
| 541 ## - NOTA DE LA FUENTE INMEDIANTE DE ADQUISICIÓN |
| Forma de adquisición |
Gratuito |
| 610 14 - ASIENTO SECUNDARIO DE MATERIA--NOMBRE CORPORATIVO |
| Nombre de entidad corporativa o nombre de jurisdicción como elemento inicial |
España |
| Título de la obra |
Ley del Estatuto del trabajo autónomo |
| Fecha del congreso o de la firma de un tratado |
2007 |
| 9 (RLIN) |
2956 |
| 650 #4 - ASIENTO SECUNDARIO DE MATERIA--TÉRMINO DE MATERIA |
| Término de materia o nombre geográfico como elemento inicial |
protección social |
| 9 (RLIN) |
29076 |
| 650 #4 - ASIENTO SECUNDARIO DE MATERIA--TÉRMINO DE MATERIA |
| Término de materia o nombre geográfico como elemento inicial |
seguridad social |
| 9 (RLIN) |
27034 |
| 650 #4 - ASIENTO SECUNDARIO DE MATERIA--TÉRMINO DE MATERIA |
| Término de materia o nombre geográfico como elemento inicial |
trabajador independiente |
| 9 (RLIN) |
28412 |
| 650 #4 - ASIENTO SECUNDARIO DE MATERIA--TÉRMINO DE MATERIA |
| Término de materia o nombre geográfico como elemento inicial |
trabajo a cuenta propia |
| 9 (RLIN) |
30170 |
| 650 #4 - ASIENTO SECUNDARIO DE MATERIA--TÉRMINO DE MATERIA |
| Término de materia o nombre geográfico como elemento inicial |
regímenes especiales de Seguridad Social |
| 9 (RLIN) |
31067 |
| 650 #4 - ASIENTO SECUNDARIO DE MATERIA--TÉRMINO DE MATERIA |
| Término de materia o nombre geográfico como elemento inicial |
régimen especial agrario |
| 9 (RLIN) |
31017 |
| 650 #4 - ASIENTO SECUNDARIO DE MATERIA--TÉRMINO DE MATERIA |
| Término de materia o nombre geográfico como elemento inicial |
España |
| 9 (RLIN) |
26964 |
| 650 #4 - ASIENTO SECUNDARIO DE MATERIA--TÉRMINO DE MATERIA |
| Término de materia o nombre geográfico como elemento inicial |
legislación de seguridad social |
| 9 (RLIN) |
29855 |
| 650 #4 - ASIENTO SECUNDARIO DE MATERIA--TÉRMINO DE MATERIA |
| Término de materia o nombre geográfico como elemento inicial |
campo de aplicación |
| 9 (RLIN) |
30263 |
| 650 #4 - ASIENTO SECUNDARIO DE MATERIA--TÉRMINO DE MATERIA |
| Término de materia o nombre geográfico como elemento inicial |
régimen jurídico |
| 9 (RLIN) |
29894 |
| 653 10 - TÉRMINO DE INDEXACIÓN--NO CONTROLADO |
| Término no controlado |
Seguridad Social |
| 710 2# - ENCABEZAMIENTO SECUNDARIO--NOMBRE CORPORATIVO |
| Nombre de entidad o nombre de jurisdicción como elemento inicial |
España |
| Unidad subordinada |
Ministerio de Trabajo e Inmigración |
| Término indicativo de función |
ed. |
| 9 (RLIN) |
3272 |
| 830 #0 - ENCABEZAMIENTO SECUNDARIO DE COLECCIÓN--TÍTULO UNIFORME |
| Título uniforme |
Colección Textos legales (España. Ministerio de Trabajo e Inmigración) |
| Nombre de parte o sección de la obra |
Serie Seguridad Social |
| Designación de volumen o secuencia |
84 |
| 9 (RLIN) |
34445 |
| 902 ## - CES. TIPO DE DOCUMENTO |
| Tipodoc (006$c Sirtex) |
LIB Libro |
| 942 ## - ELEMENTOS KOHA |
| Fuente de clasificaión o esquema |
Clasificación propia del CES |
| Koha [por defecto] tipo de item |
Monografías |
| Parte de clasificación |
3.0. |